East meets west (Record no. 78217)

MARC details
000 -LEADER
fixed length control field 00884cab a2200217 4500
001 - CONTROL NUMBER
control field L136264
008 - FIXED-LENGTH DATA ELEMENTS--GENERAL INFORMATION
fixed length control field 070122n2007 000 0 eng u
035 ## - SYSTEM CONTROL NUMBER
System control number (Sirsi) u136264
041 0# - LANGUAGE CODE
Language code of text/sound track or separate title eng
100 1# - MAIN ENTRY--PERSONAL NAME
Personal name Shaw, Trevor
245 00 - TITLE STATEMENT
Title East meets west
260 ## - PUBLICATION, DISTRIBUTION, ETC.
Date of publication, distribution, etc. 2007
490 #0 - SERIES STATEMENT
Series statement Taxation
Volume/sequential designation 159(4091) 18 January 2007, 68-70(3)
520 ## - SUMMARY, ETC.
Summary, etc. Discusses whether recent legislation concerning the taxation of profits made from Islamic financial institutions has reduced the amount of uncertainty for investors, and how alternative finance legislation is intended to bring the alternative finance arrangements into line with traditional UK arrangements.
590 ## - LOCAL NOTE (RLIN)
Local note KA
650 24 - SUBJECT ADDED ENTRY--TOPICAL TERM
Topical term or geographic name entry element FINANCE ACT 2005
650 24 - SUBJECT ADDED ENTRY--TOPICAL TERM
Topical term or geographic name entry element REGULATORY IMPACT ASSESSMENT REPORT FOR SHARI'A COMPLIANT FINANCIAL PRODUCTS 2005
651 #4 - SUBJECT ADDED ENTRY--GEOGRAPHIC NAME
Geographic name England and Wales
Chronological subdivision 1543-
690 ## - LOCAL SUBJECT ADDED ENTRY--TOPICAL TERM (OCLC, RLIN)
Topical term or geographic name as entry element MANAGEMENT
942 ## - ADDED ENTRY ELEMENTS (KOHA)
Suppress in OPAC 0
Holdings
Withdrawn status Lost status Source of classification or shelving scheme Damaged status Not for loan Home library Current library Shelving location Date acquired Total Checkouts Full call number Barcode Date last seen Copy number Price effective from Koha item type
    Dewey Decimal Classification     London London Journal article 22/01/2007   L136264 136264-1001 06/08/2019 1 06/08/2019 Journal article